| 000 | 00568nam a22002057a 4500 | ||
|---|---|---|---|
| 005 | 20160401141648.0 | ||
| 008 | 160401b xxu||||| |||| 00| 0 spa d | ||
| 020 | _a9788427718982 | ||
| 041 | _aEspañol | ||
| 082 |
_a155.904.2 _bP735c |
||
| 100 |
_aPlummer, Deborah M. _97453 |
||
| 245 | _aCómo ayudar a los niños a superar el estrés y la ansiedad | ||
| 260 |
_aEspañol _bNarcea _c2013 |
||
| 300 | _a125 páginas | ||
| 650 |
_aNIÑOS _91015 |
||
| 650 |
_aESTRÉS _94272 |
||
| 650 |
_aANSIEDAD _97454 |
||
| 650 |
_aEJERCICIOS DE RELAJACIÓN _97455 |
||
| 942 | _cBK | ||
| 999 |
_c7883 _d7883 |
||